Brisbane Train Network Map - Statistics

General Stats
  • This quiz has been taken 846 times
  • The average score is 57 of 129
Answers on the Map
Answers color-coded by a green-red scale on the quiz's map according to % correct below.
 
Answer Stats
Station % Correct
Roma Street
93%
Fortitude Valley
85%
South Bank
83%
South Brisbane
83%
Bowen Hills
78%
Domestic Airport
77%
Ferny Grove
77%
International Airport
77%
Ipswich
74%
Brisbane Central
73%
Beenleigh
72%
Cleveland
71%
Springfield
70%
Milton
68%
Eagle Junction
67%
Indooroopilly
67%
Park Road
66%
Shorncliffe
66%
Exhibition
64%
Wynnum
64%
Doomben
63%
Albion
62%
Caboolture
62%
Ascot
61%
Toowong
61%
Auchenflower
59%
Manly
59%
Northgate
59%
Kippa-Ring
56%
Petrie
56%
Darra
54%
Loganlea
54%
Oxley
54%
Windsor
54%
Altandi
53%
Sandgate
53%
Springfield Central
53%
Yeronga
53%
Hendra
52%
Mango Hill
52%
Clayfield
51%
Dutton Park
50%
Nundah
50%
Wooloowin
50%
Boondall
48%
Coorparoo
48%
Newmarket
48%
Zillmere
48%
Morningside
47%
Taringa
46%
Toombul
46%
Mitchelton
45%
Buranda
44%
Graceville
44%
Sunnybank
44%
Fairfield
43%
Gaythorne
43%
Nudgee
43%
Wynnum Central
43%
Banyo
42%
Chelmer
42%
Enoggera
42%
Lota
42%
Richlands
42%
Virginia
42%
Wilston
42%
Wynnum North
42%
Yeerongpilly
42%
Alderley
41%
Cannon Hill
41%
Carseldine
41%
Bald Hills
40%
Corinda
40%
Geebung
40%
Mango Hill East
40%
Moorooka
40%
Sunshine
40%
Deagon
39%
Norman Park
38%
Sherwood
38%
Strathpine
38%
Coopers Plains
37%
Salisbury
36%
Wacol
36%
Hemmant
35%
Keperra
35%
Rocklea
35%
Burpengary
34%
East Ipswich
34%
Murarrie
34%
North Boondall
34%
Runcorn
34%
Dakabin
33%
Goodna
33%
Kuraby
33%
Oxford Park
33%
Morayfield
32%
Grovely
31%
Wellington Point
31%
Bray Park
30%
Fruitgrove
30%
Murrumba Downs
30%
Bindha
29%
Birkdale
29%
Ormiston
29%
Woodridge
29%
Ebbw Vale
28%
Lawnton
28%
Rothwell
28%
Edens Landing
27%
Narangba
27%
Kallangur
26%
Redbank
26%
Kingston
24%
Lindum
24%
Thomas Street
24%
Thorneside
24%
Bundamba
22%
Banoon
21%
Booval
21%
Holmview
21%
Gailes
20%
Trinder Park
20%
Riverview
18%
Bethania
17%
Dinmore
15%
Wulkuraka
14%
Walloon
12%
Karrabin
10%
No matching quizzes found
Score Distribution
Percent of People with Each Score
Percentile by Number Answered
Your Score History
You have not taken this quiz